[Event "Bergen Sommer op-A"]
[Site "Bergen"]
[Date "2005.08.05"]
[Round "6"]
[White "Christoffersen, Odd"]
[Black "Anderl, Christoph"]
[Result "1/2-1/2"]
[WhiteElo "1540"]
[BlackElo "1562"]
[PlyCount "48"]
[EventDate "2005.07.31"]
[EventType "swiss"]
[EventRounds "6"]
[EventCountry "NOR"]
[SourceTitle "EXT 2006"]
[Source "ChessBase"]
[SourceDate "2005.11.24"]
[SourceVersion "1"]
[SourceVersionDate "2005.11.24"]
[SourceQuality "1"]

1. d4 Nf6 2. Nf3 e6 3. g3 d5 4. Bg2 Nbd7 5. 0-0 Be7 6. Nbd2 c5 7. c3 Rb8 8. Re1 0-0 9. e4 dxe4 10. Nxe4 Nxe4 11. Rxe4 Qb6 12. Bf4 Ra8 13. Re2 Rd8 14. Qb3 Qa6 15. Rae1 c4 16. Qc2 Qxa2 17. Bc7 Rf8 18. d5 Nc5 19. b4 Qxc2 20. Rxc2 Nd3 21. Ree2 Bf6 22. Nd2 exd5 23. Bxd5 Bf5 24. Ne4 Be5 1/2-1/2

[Event "Bergen Sommer op-A"]
[Site "Bergen"]
[Date "2005.08.02"]
[Round "3"]
[White "Anderl, Christoph"]
[Black "Larsen, Stig Borje"]
[Result "1-0"]
[WhiteElo "1562"]
[BlackElo "1731"]
[PlyCount "81"]
[EventDate "2005.07.31"]
[EventType "swiss"]
[EventRounds "6"]
[EventCountry "NOR"]
[SourceTitle "EXT 2006"]
[Source "ChessBase"]
[SourceDate "2005.11.24"]
[SourceVersion "1"]
[SourceVersionDate "2005.11.24"]
[SourceQuality "1"]

1. d4 Nf6 2. Nf3 g6 3. Bf4 Bg7 4. Nbd2 c5 5. e3 cxd4 6. exd4 Nc6 7. c3 0-0 8. Be2 d6 9. h3 Re8 10. Qb3 e5 11. dxe5 dxe5 12. Bh2 e4 13. Ng5 e3 14. Qxf7+ Kh8 15. fxe3 Rxe3 16. Qc4 Qd5 17. Qxd5 Nxd5 18. Kf2 Re8 19. Bf3 Rf8 20. Rhe1 h6 21. Ne6 Bxe6 22. Rxe6 Kh7 23. Kg1 Rad8 24. Nc4 Rf6 25. Rae1 Rxe6 26. Rxe6 Rd7 27. Rd6 Rxd6 28. Nxd6 Ne3 29. Kf2 Nf5 30. Nxb7 Ne5 31. Be2 h5 32. Bf4 Ne7 33. Be3 N5c6 34. Bb5 Bf6 35. g3 g5 36. Nd6 h4 37. Bd3+ Kg7 38. Ne8+ Kf7 39. Nxf6 hxg3+ 40. Kxg3 Kxf6 41. Bc5 1-0

[Event "Bergen Sommer op-A"]
[Site "Bergen"]
[Date "2005.08.01"]
[Round "2"]
[White "Bue, Gunnar"]
[Black "Anderl, Christoph"]
[Result "0-1"]
[WhiteElo "1551"]
[BlackElo "1562"]
[PlyCount "90"]
[EventDate "2005.07.31"]
[EventType "swiss"]
[EventRounds "6"]
[EventCountry "NOR"]
[SourceTitle "EXT 2006"]
[Source "ChessBase"]
[SourceDate "2005.11.24"]
[SourceVersion "1"]
[SourceVersionDate "2005.11.24"]
[SourceQuality "1"]

1. d4 Nf6 2. c4 e6 3. Nf3 b6 4. e3 Bb7 5. Bd3 d5 6. b3 Nbd7 7. 0-0 Bd6 8. Bb2 0-0 9. Nc3 a6 10. Qe2 c5 11. Rac1 Re8 12. Rfd1 cxd4 13. Nxd4 dxc4 14. bxc4 Ne5 15. f3 Qc7 16. Ne4 Nxe4 17. Bxe4 Bxe4 18. fxe4 Rac8 19. Nf3 Nc6 20. g3 Red8 21. Kg2 Na5 22. e5 Be7 23. Rxd8+ Bxd8 24. Nd2 Be7 25. a3 h6 26. h4 Nc6 27. Nf3 Bc5 28. Rd1 Qe7 29. Rd3 Na5 30. Nd2 Qc7 31. Kh2 Be7 32. Qh5 Nxc4 33. Nxc4 Qxc4 34. Rc3 Qxc3 35. Bxc3 Rxc3 36. Qe2 Rxa3 37. Qd2 Bf8 38. g4 b5 39. e4 b4 40. h5 b3 41. Qc3 a5 42. Kh1 a4 43. Qb2 Ra2 44. Qb1 Rc2 45. Kg1 Ba3 0-1